[Event "DRUGA LIGA SRBIJE-GRUPA VOJVODINA 2016"]
[Site "Kac"]
[Date "2016.11.20"]
[Round "9.1"]
[White "Stojanovic, Mihajlo"]
[Black "Csonka, Balazs"]
[Result "1/2-1/2"]
[WhiteElo "2503"]
[BlackElo "2398"]
[PlyCount "24"]
[EventDate "2016.11.15"]

1. d4 Nf6 2. c4 e6 3. Nc3 Bb4 4. Qc2 O-O 5. a3 Bxc3+ 6. Qxc3 b5 7. cxb5 c6 8.
Bg5 cxb5 9. e3 Bb7 10. Nf3 h6 11. Bxf6 Qxf6 12. Be2 a6 1/2-1/2

[Event "DRUGA LIGA SRBIJE-GRUPA VOJVODINA 2016"]
[Site "Kac"]
[Date "2016.11.20"]
[Round "9.2"]
[White "Pezelj, Novak"]
[Black "Milanovic, Stanko"]
[Result "1-0"]
[WhiteElo "2447"]
[BlackElo "2150"]
[PlyCount "65"]
[EventDate "2016.11.15"]

1. e4 c5 2. Nf3 Nc6 3. Bb5 g6 4. O-O Bg7 5. Re1 Qc7 6. c3 Nf6 7. d3 O-O 8. Bg5
d6 9. h3 h6 10. Bf4 a6 11. Bxc6 Qxc6 12. Nbd2 b5 13. Rc1 Bb7 14. b4 e5 15. Bh2
Nh5 16. Nb3 cxb4 17. cxb4 Qb6 18. Na5 f5 19. Nxb7 Qxb7 20. Nh4 Qf7 21. exf5
gxf5 22. Rc6 Qd7 23. Qb3+ Kh7 24. Qd5 Rfd8 25. Qf3 e4 26. Qxf5+ Qxf5 27. Nxf5
exd3 28. Rd1 Rac8 29. Rxc8 Rxc8 30. g4 Nf6 31. Rxd3 Rc2 32. Rxd6 Rxa2 33. Nxg7
1-0

[Event "DRUGA LIGA SRBIJE-GRUPA VOJVODINA 2016"]
[Site "Kac"]
[Date "2016.11.20"]
[Round "9.2"]
[White "Dimitrijevic, Nenad"]
[Black "Farkas, Tibor"]
[Result "1/2-1/2"]
[WhiteElo "2165"]
[BlackElo "2272"]
[PlyCount "27"]
[EventDate "2016.11.15"]

1. d4 Nf6 2. Nf3 g6 3. Bg5 Bg7 4. Nbd2 d5 5. e3 O-O 6. Bd3 Nbd7 7. O-O c5 8. c3
b6 9. Qe2 Bb7 10. Ba6 Bxa6 11. Qxa6 Qc8 12. Qe2 Qb7 13. Rfe1 h6 14. Bh4 1/2-1/2

[Event "DRUGA LIGA SRBIJE-GRUPA VOJVODINA 2016"]
[Site "Kac"]
[Date "2016.11.20"]
[Round "9.2"]
[White "Jesenski, Tibor"]
[Black "Mik, Aurel"]
[Result "1-0"]
[WhiteElo "2345"]
[BlackElo "2059"]
[PlyCount "79"]
[EventDate "2016.11.15"]

1. d4 Nf6 2. Nf3 e6 3. c4 b6 4. a3 Bb7 5. Nc3 d5 6. Bg5 Be7 7. e3 O-O 8. Rc1
Nbd7 9. cxd5 Bxd5 10. Bd3 c5 11. O-O Bb7 12. Qe2 Rc8 13. Ba6 Bxa6 14. Qxa6 Ra8
15. Rfd1 Qe8 16. Bxf6 Nxf6 17. dxc5 bxc5 18. Na4 Qc8 19. Qa5 Qb7 20. h3 Rfc8
21. Rc4 Rc6 22. Qc3 Rac8 23. Rc1 h6 24. Qc2 Qb5 25. Nd4 cxd4 26. Rxc6 Rxc6 27.
Qxc6 Qxc6 28. Rxc6 dxe3 29. fxe3 Nd5 30. Ra6 Nxe3 31. Rxa7 Bf6 32. Ra8+ Kh7 33.
Kf2 Nd1+ 34. Ke2 Nxb2 35. Nxb2 Bxb2 36. a4 f5 37. a5 e5 38. a6 Bd4 39. Rd8 Bb6
40. Rd5 1-0

[Event "DRUGA LIGA SRBIJE-GRUPA VOJVODINA 2016"]
[Site "Kac"]
[Date "2016.11.20"]
[Round "9.2"]
[White "Rajin, Milan"]
[Black "Kumic, Filip"]
[Result "0-1"]
[WhiteElo "1995"]
[BlackElo "2313"]
[PlyCount "80"]
[EventDate "2016.11.15"]

1. d4 Nf6 2. e3 g6 3. f4 Bg7 4. Nf3 O-O 5. Bd3 d6 6. c3 Nbd7 7. O-O d5 8. Bd2
c5 9. Na3 Ne8 10. f5 Nd6 11. fxg6 hxg6 12. Be1 e5 13. Bg3 Qe7 14. dxc5 Ne4 15.
Bxe4 dxe4 16. Nd2 Qxc5 17. Nc2 f5 18. Nb3 Qb6 19. Kh1 a5 20. Qd5+ Rf7 21. Rab1
a4 22. Nd2 Qc7 23. Nb4 Nb6 24. Qb5 Bd7 25. Qe2 Be6 26. Rfd1 Rd7 27. a3 Qc5 28.
h4 Rad8 29. Be1 Bh6 30. Bf2 Bc4 31. Nxc4 Nxc4 32. Rxd7 Rxd7 33. Rd1 Rxd1+ 34.
Qxd1 Bxe3 35. Bxe3 Nxe3 36. Qxa4 Qe7 37. g3 f4 38. Qb3+ Kh7 39. Kg1 fxg3 40.
Nd5 Qf7 0-1

[Event "DRUGA LIGA SRBIJE-GRUPA VOJVODINA 2016"]
[Site "Kac"]
[Date "2016.11.20"]
[Round "9.3"]
[White "Strbac, Mladen"]
[Black "Desnica, Vladan"]
[Result "1/2-1/2"]
[WhiteElo "2318"]
[BlackElo "2224"]
[PlyCount "56"]
[EventDate "2016.11.15"]

1. e4 e5 2. Bc4 Nf6 3. Nc3 Bc5 4. Nf3 d6 5. d3 c6 6. O-O O-O 7. Be3 Bb6 8. h3
Be6 9. Qe1 Bxc4 10. dxc4 Ba5 11. Bd2 Na6 12. Ne2 Bxd2 13. Nxd2 Nc5 14. Ng3 Ne6
15. Nb3 g6 16. Rd1 c5 17. Nc1 Ne8 18. Nd3 Qh4 19. f3 Qg5 20. Ne2 N8g7 21. Qd2
f5 22. Qxg5 Nxg5 23. Nf2 fxe4 24. Nxe4 Nxe4 25. fxe4 Rxf1+ 26. Kxf1 Rd8 27. Kf2
Ne6 28. Ke3 Nd4 1/2-1/2

[Event "DRUGA LIGA SRBIJE-GRUPA VOJVODINA 2016"]
[Site "Kac"]
[Date "2016.11.20"]
[Round "9.3"]
[White "Banovic, Ivan"]
[Black "Todorovic, Nenad I"]
[Result "0-1"]
[WhiteElo "2208"]
[BlackElo "2249"]
[PlyCount "152"]
[EventDate "2016.11.15"]

1. d4 Nf6 2. Nf3 e6 3. Bg5 c5 4. e3 Be7 5. Bd3 b6 6. Nbd2 cxd4 7. exd4 Bb7 8.
O-O O-O 9. Qe2 d6 10. a4 a6 11. c3 Nbd7 12. Nc4 Qc7 13. h3 Rfe8 14. Bf4 Bf8 15.
Rfe1 Bc6 16. Bh2 h6 17. Nfd2 b5 18. axb5 axb5 19. Ne3 Qb6 20. Nc2 Qb7 21. Qf1
Nd5 22. Nb3 Qb6 23. Rxa8 Rxa8 24. Ra1 Ra4 25. Nd2 Qa5 26. Ne4 e5 27. Nd2 g6 28.
Rxa4 Qxa4 29. Qa1 Qxa1+ 30. Nxa1 exd4 31. cxd4 Nb4 32. Be2 Nb6 33. Nab3 Na4 34.
Na5 Nxb2 35. Nxc6 Nxc6 36. Bxb5 Nxd4 37. Ba6 f5 38. Bb7 Kf7 39. Bd5+ Kf6 40.
Kf1 g5 41. f3 Nd3 42. Nc4 f4 43. Bg1 Nf5 44. Bb6 Ng3+ 45. Kg1 Ne2+ 46. Kf1 Ng3+
47. Kg1 Nf5 48. Bc7 Ne5 49. Nd2 Ng3 50. Ba5 Ke7 51. Nb3 Nf5 52. Bb6 Bg7 53. Nd2
Nd7 54. Bc7 Bd4+ 55. Kh2 Bb6 56. Bxb6 Nxb6 57. Bb3 d5 58. Bc2 Ne3 59. Bd3 Kd6
60. Nb3 Ke5 61. g3 Nbc4 62. h4 gxh4 63. g4 Nb2 64. Bb5 d4 65. Kh3 d3 66. Kxh4
Nbc4 67. Kh5 d2 68. Nxd2 Nxd2 69. Be2 Nb3 70. Kxh6 Nd4 71. Ba6 Nxf3 72. g5 Nf5+
73. Kh5 N3d4 74. Bb7 Ne6 75. Bf3 Neg7+ 76. Kg6 Nh4+ 0-1

[Event "DRUGA LIGA SRBIJE-GRUPA VOJVODINA 2016"]
[Site "Kac"]
[Date "2016.11.20"]
[Round "9.3"]
[White "Perisic, Radivoj"]
[Black "Ilincic, Aleksa"]
[Result "1/2-1/2"]
[WhiteElo "2276"]
[BlackElo "2161"]
[PlyCount "170"]
[EventDate "2016.11.15"]

1. e4 d5 2. exd5 Nf6 3. c4 e6 4. Nc3 exd5 5. d4 Be7 6. Nf3 O-O 7. cxd5 Nbd7 8.
Bd3 Nb6 9. Ne5 Nbxd5 10. O-O c5 11. dxc5 Nxc3 12. bxc3 Qc7 13. Re1 Qxc5 14. Qf3
Bd6 15. Nc4 Bg4 16. Qxb7 Rab8 17. Qa6 Bxh2+ 18. Kxh2 Bc8 19. Qd6 Ng4+ 20. Kh1
Nxf2+ 21. Kg1 Nxd3+ 22. Qxc5 Nxc5 23. Bf4 Be6 24. Bxb8 Rxb8 25. Rab1 Rxb1 26.
Rxb1 g6 27. Nd6 Bxa2 28. Rb5 Nd3 29. c4 Kg7 30. Kf1 Kf6 31. Ra5 Bb1 32. Rxa7
Ne5 33. Ke2 Bd3+ 34. Ke3 Nxc4+ 35. Kxd3 Nxd6 36. Ra6 Ke5 37. Ra7 h5 38. Ke3
Nf5+ 39. Kf3 Kf6 40. Ra4 Kg5 41. Ra3 Kf6 42. Ra6+ Ke5 43. Ra5+ Kf6 44. Ra6+ Kg7
45. Kf4 Nd4 46. Ke3 Ne6 47. Ra7 Ng5 48. Rb7 h4 49. Kf4 Ne6+ 50. Kg4 g5 51. Kf5
Nf4 52. Kxg5 Nxg2 53. Rb3 Ne1 54. Kf4 Kg6 55. Kg4 Nc2 56. Rd3 Nb4 57. Rd6+ Kg7
58. Kxh4 Kf8 59. Kg5 Ke7 60. Rd4 Nc6 61. Re4+ Kd6 62. Kf6 Kd5 63. Re1 Nd4 64.
Kxf7 Kc4 65. Kf6 Kd5 66. Re8 Nc6 67. Rc8 Kd6 68. Rh8 Kd5 69. Rh1 Nd4 70. Re1
Nc6 71. Rd1+ Nd4 72. Ke7 Kc5 73. Ra1 Nc6+ 74. Ke6 Nd4+ 75. Ke5 Nf3+ 76. Ke4
Nd2+ 77. Kd3 Nb3 78. Ra8 Nc1+ 79. Kd2 Nb3+ 80. Kc3 Nd4 81. Kd3 Nc6 82. Rc8 Kd5
83. Ke3 Ne7 84. Ra8 Nc6 85. Ra4 Ke5 1/2-1/2

[Event "DRUGA LIGA SRBIJE-GRUPA VOJVODINA 2016"]
[Site "Kac"]
[Date "2016.11.20"]
[Round "9.3"]
[White "Matijevic, Radovan"]
[Black "Vulin, Milorad"]
[Result "1/2-1/2"]
[WhiteElo "2094"]
[BlackElo "2044"]
[PlyCount "97"]
[EventDate "2016.11.15"]

1. c3 Nf6 2. d4 g6 3. Bg5 Bg7 4. e3 O-O 5. Bc4 d5 6. Bb3 c6 7. Ne2 Nbd7 8. O-O
e5 9. c4 dxc4 10. Bxc4 exd4 11. Nxd4 Qa5 12. Bf4 Ne5 13. Nb3 Qc7 14. Be2 Nd5
15. Bg3 Qe7 16. Nc3 Rd8 17. Nxd5 Rxd5 18. Qc2 Be6 19. Rad1 Rad8 20. Rxd5 Bxd5
21. Nd4 Nd7 22. Rd1 Nb6 23. b3 Be4 24. Qd2 Qd7 25. Qc1 Qe8 26. Nf3 Nd5 27. Bf1
Bxf3 28. gxf3 Nc3 29. Rxd8 Qxd8 30. Qc2 Qd1 31. Qxd1 Nxd1 32. Bd3 Nc3 33. a4 b5
34. axb5 cxb5 35. Bc7 Bf8 36. Be5 b4 37. Bc4 a5 38. Bd3 Bg7 39. Bd6 a4 40. Bxb4
axb3 41. Bxc3 Bxc3 42. f4 Kf8 43. Kf1 Ke7 44. Ke2 f6 45. Bb1 Kd6 46. Kd3 Be1
47. f3 Kc5 48. e4 Bf2 49. Kc3 1/2-1/2

[Event "DRUGA LIGA SRBIJE-GRUPA VOJVODINA 2016"]
[Site "Kac"]
[Date "2016.11.20"]
[Round "9.4"]
[White "Babic, Djordje"]
[Black "Czebe, Attila"]
[Result "1/2-1/2"]
[WhiteElo "2038"]
[BlackElo "2482"]
[PlyCount "56"]
[EventDate "2016.11.15"]

1. e4 g6 2. d4 Bg7 3. Nf3 d6 4. h3 Nf6 5. Bd3 O-O 6. O-O Nc6 7. c3 e5 8. d5 Ne7
9. Nh2 Nh5 10. f4 c6 11. dxc6 Qb6+ 12. Rf2 exf4 13. cxb7 Bxb7 14. Nd2 d5 15.
Nhf3 dxe4 16. Bxe4 Bxe4 17. Nxe4 Ng3 18. Qc2 f5 19. Neg5 Nd5 20. Nd4 Rae8 21.
Bd2 Ne4 22. Ngf3 Nxf2 23. Kxf2 Re4 24. Qb3 Rd8 25. Re1 Bxd4+ 26. cxd4 Qxb3 27.
axb3 Rxe1 28. Bxe1 Rb8 1/2-1/2

[Event "DRUGA LIGA SRBIJE-GRUPA VOJVODINA 2016"]
[Site "Kac"]
[Date "2016.11.20"]
[Round "9.4"]
[White "Bulajic, Ratko"]
[Black "Milankov, Vladimir"]
[Result "1-0"]
[WhiteElo "2331"]
[BlackElo "1963"]
[PlyCount "99"]
[EventDate "2016.11.15"]

1. d4 d5 2. c4 c6 3. Nf3 Nf6 4. Nc3 e6 5. g3 Bd6 6. Bg2 Nbd7 7. Qd3 h6 8. O-O
O-O 9. e4 dxe4 10. Nxe4 Nxe4 11. Qxe4 Nf6 12. Qc2 Re8 13. Rd1 Bf8 14. Bf4 Nh5
15. Be3 Nf6 16. h3 Bd7 17. Ne5 Re7 18. b4 Rc8 19. a4 g5 20. Qe2 Bg7 21. a5 Be8
22. f4 Nh7 23. Nf3 f6 24. Nd2 Qc7 25. Ne4 f5 26. Nc5 Bf7 27. Kh2 Rd8 28. Qf2
Bf6 29. Rd2 Nf8 30. b5 Be8 31. b6 axb6 32. axb6 Qd6 33. Ra7 Rb8 34. fxg5 Bxg5
35. Nd3 Ng6 36. c5 Qd8 37. h4 Bxe3 38. Qxe3 Kh7 39. h5 Nf8 40. Nf4 Bd7 41. Qe5
Be8 42. Qf6 Nd7 43. Qh4 Kg7 44. Re2 Bf7 45. g4 Nf6 46. Bf3 Qxd4 47. gxf5 Qxc5
48. Rg2+ Kf8 49. Qxf6 Ke8 50. Qh8+ 1-0

[Event "DRUGA LIGA SRBIJE-GRUPA VOJVODINA 2016"]
[Site "Kac"]
[Date "2016.11.20"]
[Round "9.4"]
[White "Vujovic, Milorad M"]
[Black "Tancik, Kristijan"]
[Result "1/2-1/2"]
[WhiteElo "2069"]
[BlackElo "2289"]
[PlyCount "55"]
[EventDate "2016.11.15"]

1. e4 e5 2. Nf3 Nc6 3. d4 exd4 4. Nxd4 Nf6 5. Nxc6 bxc6 6. Bd3 d5 7. exd5 cxd5
8. O-O Be7 9. Bb5+ Bd7 10. Bxd7+ Qxd7 11. Nd2 O-O 12. Nf3 c5 13. b3 Rfd8 14.
Bf4 Qf5 15. Bg5 h6 16. Bxf6 Bxf6 17. Rc1 a5 18. Qd3 Qd7 19. Rcd1 a4 20. Rfe1
Qb7 21. Kf1 Qb4 22. Ne5 Rac8 23. Qa6 Ra8 24. Qc6 axb3 25. axb3 Qc3 26. Rxd5
Qxc2 27. Qc7 Rf8 28. Rxc5 1/2-1/2

[Event "DRUGA LIGA SRBIJE-GRUPA VOJVODINA 2016"]
[Site "Kac"]
[Date "2016.11.20"]
[Round "9.4"]
[White "Tokovic, Svetozar"]
[Black "Vincilov, Dusan"]
[Result "1-0"]
[WhiteElo "2258"]
[BlackElo "2277"]
[PlyCount "67"]
[EventDate "2016.11.15"]

1. Nf3 Nf6 2. g3 g6 3. Bg2 Bg7 4. O-O c5 5. c4 d6 6. Nc3 e5 7. d3 O-O 8. Rb1
Nc6 9. a3 Qc7 10. b4 Nd4 11. Bg5 cxb4 12. Nxd4 bxc3 13. Nb5 Qd7 14. Nxc3 h6 15.
Bd2 Rb8 16. a4 Ne8 17. Qc1 Kh7 18. Be3 a6 19. a5 Nc7 20. Qa3 f5 21. Na4 f4 22.
Ba7 Ra8 23. Nb6 Qg4 24. Nxa8 Nxa8 25. Bf3 Qe6 26. Bb8 Rf6 27. c5 d5 28. Qb3
fxg3 29. fxg3 e4 30. dxe4 Qh3 31. Bg2 Qg4 32. Rxf6 Bxf6 33. Qxd5 Bg7 34. Bf3
1-0

[Event "DRUGA LIGA SRBIJE-GRUPA VOJVODINA 2016"]
[Site "Kac"]
[Date "2016.11.20"]
[Round "9.4"]
[White "Tomic, Zivan"]
[Black "Roganovic, Nebojsa"]
[Result "1/2-1/2"]
[WhiteElo "2058"]
[BlackElo "2180"]
[PlyCount "102"]
[EventDate "2016.11.15"]

1. d4 Nf6 2. Nf3 e6 3. g3 b5 4. Bg2 Bb7 5. O-O c5 6. Bg5 d5 7. e3 Nbd7 8. Nbd2
Be7 9. a3 O-O 10. Re1 Qc7 11. c3 a5 12. Rc1 Rfe8 13. dxc5 Nxc5 14. Bf1 Qb6 15.
Nd4 Ba6 16. b4 Nb7 17. Bd3 Nd6 18. Qe2 a4 19. Qf1 e5 20. Nf5 Nxf5 21. Bxf5 g6
22. Bh3 Bc8 23. Bg2 e4 24. Qe2 Kg7 25. f3 exf3 26. Bxf3 Bb7 27. Qg2 Rad8 28.
Nf1 h6 29. Bxf6+ Bxf6 30. Red1 Re5 31. Rd3 h5 32. h4 Qc7 33. Rcd1 Qc4 34. Qd2
Rc8 35. Bg2 Qb3 36. Nh2 Rc7 37. Nf3 Re8 38. Nd4 Bxd4 39. cxd4 Qc2 40. Kf2 Rec8
41. Bh3 f5 42. Bf1 Qc6 43. Qe2 Qf6 44. Qf3 Qd6 45. R3d2 Rc3 46. Rd3 Rxd3 47.
Rxd3 Rc2+ 48. Be2 Qc7 49. Qf4 Qxf4+ 50. exf4 Kf6 51. Re3 Bc6 1/2-1/2

[Event "DRUGA LIGA SRBIJE-GRUPA VOJVODINA 2016"]
[Site "Kac"]
[Date "2016.11.20"]
[Round "9.4"]
[White "Ivanovic, Miroslav"]
[Black "Ilicin, Mladen"]
[Result "1-0"]
[WhiteElo "2067"]
[BlackElo "2051"]
[PlyCount "55"]
[EventDate "2016.11.15"]

1. e4 Nf6 2. e5 Nd5 3. d4 d6 4. c4 Nb6 5. f4 dxe5 6. fxe5 c5 7. d5 e6 8. Nc3
exd5 9. cxd5 c4 10. Nf3 Bb4 11. Bxc4 O-O 12. Bb3 a5 13. a3 Bc5 14. Ne4 a4 15.
Ba2 Qc7 16. Bg5 Bf5 17. Nxc5 Qxc5 18. Qd4 Qb5 19. Be3 Ra6 20. Rc1 Rc8 21. Kf2
Rd8 22. Rc5 Qe8 23. Qf4 Bg6 24. Rd1 N6d7 25. Rc7 Ra5 26. Rxb7 Nc5 27. Bxc5 Rxc5
28. Rd2 1-0

[Event "DRUGA LIGA SRBIJE-GRUPA VOJVODINA 2016"]
[Site "Kac"]
[Date "2016.11.20"]
[Round "9.5"]
[White "Petrusic, Velimir"]
[Black "Sekulic, Dusan"]
[Result "1-0"]
[WhiteElo "2176"]
[BlackElo "2218"]
[PlyCount "79"]
[EventDate "2016.11.15"]

1. d4 Nf6 2. Bf4 d6 3. e3 g6 4. Nf3 Bg7 5. Be2 O-O 6. O-O Nc6 7. c4 Nh5 8. Bg5
h6 9. Bh4 g5 10. Nfd2 gxh4 11. Bxh5 e5 12. d5 Ne7 13. e4 Ng6 14. h3 Nf4 15. Bg4
Qg5 16. Qf3 f5 17. exf5 h5 18. g3 hxg4 19. gxf4 gxf3+ 20. fxg5 Bxf5 21. Nc3
Bxh3 22. Rfe1 Rf4 23. Re4 Raf8 24. Rae1 Bg2 25. Rxf4 exf4 26. Nb5 Bxb2 27. Re7
c6 28. Nxd6 cxd5 29. cxd5 Ba3 30. N2e4 Bh3 31. Kh2 Bg2 32. Rxb7 a5 33. Nc4 Rc8
34. Nf6+ Kf8 35. g6 Be7 36. Nh5 Bd8 37. Rf7+ Kg8 38. Nxf4 h3 39. Ne6 Bh4 40.
Nd6 1-0

[Event "DRUGA LIGA SRBIJE-GRUPA VOJVODINA 2016"]
[Site "Kac"]
[Date "2016.11.20"]
[Round "9.5"]
[White "Mastrapovic, Vladimir"]
[Black "Labus, Vladislav"]
[Result "1-0"]
[WhiteElo "2289"]
[BlackElo "2061"]
[PlyCount "63"]
[EventDate "2016.11.15"]

1. e4 c5 2. Nf3 d6 3. d4 cxd4 4. Nxd4 Nf6 5. Nc3 a6 6. Be3 e6 7. Qd2 Be7 8. f3
O-O 9. g4 b5 10. O-O-O Nfd7 11. Kb1 Nc5 12. g5 Bb7 13. a3 Qc7 14. h4 Nc6 15. h5
Ne5 16. Qg2 Rfc8 17. Bc1 Bf8 18. g6 fxg6 19. hxg6 h6 20. Qh3 Re8 21. b4 Nb3 22.
Ncxb5 axb5 23. Nxb5 Qb6 24. cxb3 d5 25. f4 Nc6 26. f5 Nxb4 27. f6 gxf6 28. Bxh6
Rxa3 29. Nxa3 Nc2 30. Bxf8 Kxf8 31. Nxc2 Ke7 32. exd5 1-0

[Event "DRUGA LIGA SRBIJE-GRUPA VOJVODINA 2016"]
[Site "Kac"]
[Date "2016.11.20"]
[Round "9.5"]
[White "Mandic, Milenko"]
[Black "Azaric, Slavko"]
[Result "1-0"]
[WhiteElo "1894"]
[BlackElo "2283"]
[PlyCount "77"]
[EventDate "2016.11.15"]

1. d4 Nf6 2. Bf4 d6 3. c3 b6 4. Nf3 g6 5. e3 Bg7 6. Bb5+ c6 7. Be2 Bb7 8. a4 a6
9. Nbd2 c5 10. Qb3 Nbd7 11. O-O Qc7 12. Bc4 e6 13. Bxe6 O-O 14. Bc4 Qc6 15. d5
Qc7 16. e4 Nh5 17. Be3 Rae8 18. Qc2 h6 19. Qd3 Qc8 20. Rac1 g5 21. h3 Re7 22.
Bb3 b5 23. axb5 axb5 24. c4 b4 25. Bc2 Rfe8 26. e5 Nxe5 27. Qh7+ Kf8 28. Bxg5
hxg5 29. Qxh5 Nxf3+ 30. Nxf3 Bxb2 31. Nxg5 Bg7 32. g4 Qc7 33. Nh7+ Kg8 34. g5
Re5 35. Nf6+ Bxf6 36. Qh7+ Kf8 37. gxf6 Rg5+ 38. Kh2 Re2 39. Rce1 1-0

[Event "DRUGA LIGA SRBIJE-GRUPA VOJVODINA 2016"]
[Site "Kac"]
[Date "2016.11.20"]
[Round "9.5"]
[White "Zegarac, Vuk"]
[Black "Stamenkovic, Aleksandar"]
[Result "1-0"]
[WhiteElo "2233"]
[BlackElo "2203"]
[PlyCount "69"]
[EventDate "2016.11.15"]

1. c4 c6 2. d4 d5 3. Nc3 Nf6 4. Nf3 e6 5. e3 Nbd7 6. Bd3 Bd6 7. b3 O-O 8. O-O
b6 9. Bb2 Bb7 10. e4 dxe4 11. Nxe4 Nxe4 12. Bxe4 Qe7 13. Bc2 Rfd8 14. Qd3 Nf8
15. Rfe1 Ba3 16. Bxa3 Qxa3 17. Re3 f6 18. Rxe6 Nxe6 19. Qxh7+ Kf7 20. Bg6+ Ke7
21. Re1 Kd6 22. Qh3 Re8 23. Qg3+ Kd7 24. Bf5 g5 25. d5 cxd5 26. Nd4 Qd6 27. Qg4
Qf4 28. Bxe6+ Kd6 29. Nb5+ Kc5 30. b4+ Kxb4 31. Qe2 dxc4 32. g3 Qf3 33. Qd2+
Kxb5 34. Rb1+ Kc6 35. Qd7+ 1-0

[Event "DRUGA LIGA SRBIJE-GRUPA VOJVODINA 2016"]
[Site "Kac"]
[Date "2016.11.20"]
[Round "9.5"]
[White "Ljubisavljevic, Zivojin Z"]
[Black "Vujasinovic, Mihajlo"]
[Result "1/2-1/2"]
[WhiteElo "2125"]
[BlackElo "2133"]
[PlyCount "33"]
[EventDate "2016.11.15"]

1. c4 Nf6 2. Nc3 g6 3. e4 d6 4. d4 Bg7 5. f4 c5 6. d5 O-O 7. Bd3 e6 8. dxe6
fxe6 9. Nge2 Nc6 10. O-O a6 11. h3 Ne8 12. Qe1 Nc7 13. a4 b6 14. Nd1 d5 15. Ne3
Nb4 16. Qd1 Bb7 17. cxd5 1/2-1/2

[Event "DRUGA LIGA SRBIJE-GRUPA VOJVODINA 2016"]
[Site "Kac"]
[Date "2016.11.20"]
[Round "9.5"]
[White "Stankovic, Milos M"]
[Black "Radic, Slavko"]
[Result "0-1"]
[WhiteElo "1816"]
[BlackElo "2057"]
[PlyCount "93"]
[EventDate "2016.11.15"]

1. d4 Nf6 2. c4 e6 3. Nc3 d5 4. cxd5 exd5 5. Bg5 Be7 6. e3 O-O 7. Bd3 c6 8. Nf3
h6 9. Bh4 Nbd7 10. O-O Re8 11. Qc2 Nf8 12. a3 Nh5 13. Bxe7 Qxe7 14. b4 Nf6 15.
Qb3 Be6 16. Na4 Ne4 17. Nc5 f6 18. Rfc1 Bf7 19. Qb2 Nd6 20. b5 cxb5 21. Bxb5
Nxb5 22. Qxb5 b6 23. Na6 Rac8 24. Nb4 Qb7 25. Qa6 Qd7 26. Ne1 g5 27. Ned3 Ng6
28. a4 Rc4 29. Qb5 Qd6 30. a5 Rec8 31. Rcb1 Ne7 32. axb6 axb6 33. Ra7 Be8 34.
Qa6 R4c7 35. Rxc7 Rxc7 36. Qa2 Kg7 37. Qb2 Bg6 38. Rc1 Ra7 39. Rc3 Ra5 40. Qc1
Rb5 41. Na6 Ra5 42. Nc7 Kf7 43. Ne1 Qb4 44. Nd3 Bxd3 45. Rxd3 Ra2 46. Rc3 Rb2
47. Qe1 0-1

[Event "DRUGA LIGA SRBIJE-GRUPA VOJVODINA 2016"]
[Site "Kac"]
[Date "2016.11.20"]
[Round "9.6"]
[White "Mikheev, Stanislav"]
[Black "Indjic, Dusan"]
[Result "0-1"]
[WhiteElo "2281"]
[BlackElo "2283"]
[PlyCount "70"]
[EventDate "2016.11.15"]

1. d4 Nf6 2. c4 e6 3. Nf3 Bb4+ 4. Bd2 Qe7 5. Nc3 d5 6. g3 O-O 7. Bg2 dxc4 8. e3
Nc6 9. Qe2 e5 10. dxe5 Nxe5 11. Nxe5 Qxe5 12. Qxc4 Ba5 13. b4 Bb6 14. O-O Rd8
15. Rad1 Bg4 16. Bxb7 Rab8 17. Bg2 Qh5 18. h3 Bxd1 19. Rxd1 Rd7 20. g4 Qg6 21.
Bc6 Rd6 22. Be4 Qh6 23. Kg2 Rbd8 24. Qe2 Nxe4 25. Nxe4 R6d7 26. Rc1 Qg6 27. Qf3
f5 28. Ng3 fxg4 29. hxg4 Rxd2 30. Nf5 Qf7 31. a4 a5 32. bxa5 Bxa5 33. Rc5 Bb4
34. Rb5 Bf8 35. Qc6 g6 0-1

[Event "DRUGA LIGA SRBIJE-GRUPA VOJVODINA 2016"]
[Site "Kac"]
[Date "2016.11.20"]
[Round "9.6"]
[White "Vujadinovic, Goran"]
[Black "Savanovic, Vuk"]
[Result "1/2-1/2"]
[WhiteElo "2338"]
[BlackElo "2284"]
[PlyCount "43"]
[EventDate "2016.11.15"]

1. b3 Nf6 2. Bb2 e6 3. f4 d5 4. Nf3 c5 5. e3 Nc6 6. Bb5 Bd7 7. O-O Bd6 8. Bxc6
Bxc6 9. Ne5 Bxe5 10. fxe5 Nd7 11. Qh5 Qe7 12. d3 O-O 13. Nd2 f5 14. exf6 gxf6
15. Rf4 Rf7 16. Raf1 Kh8 17. Nf3 d4 18. exd4 Rg7 19. Nh4 Rag8 20. g3 Rg5 21.
Qe2 cxd4 22. Nf5 1/2-1/2

[Event "DRUGA LIGA SRBIJE-GRUPA VOJVODINA 2016"]
[Site "Kac"]
[Date "2016.11.20"]
[Round "9.6"]
[White "Omorjan, Dejan"]
[Black "Stanojevic, Branko"]
[Result "0-1"]
[WhiteElo "2235"]
[BlackElo "2221"]
[PlyCount "112"]
[EventDate "2016.11.15"]

1. Nf3 Nf6 2. d4 e6 3. c4 Bb4+ 4. Bd2 Qe7 5. g3 b6 6. Bg2 Bb7 7. O-O Bxd2 8.
Qxd2 d6 9. Nc3 Ne4 10. Qc2 Nxc3 11. Qxc3 Nd7 12. b4 a5 13. a3 O-O 14. Rfc1 axb4
15. axb4 c5 16. bxc5 bxc5 17. e3 Rxa1 18. Rxa1 Ra8 19. Rxa8+ Bxa8 20. Qa5 Bxf3
21. Bxf3 Nf6 22. Qa8+ Qf8 23. Qc6 Qe7 24. Qc8+ Qf8 25. Qc7 h5 26. dxc5 dxc5 27.
Qe5 Nd7 28. Qc7 Nf6 29. Qe5 Nd7 30. Qxh5 Qd6 31. Bg2 Ne5 32. Bf1 g6 33. Qe2 Qc6
34. f4 Nd7 35. Bg2 Qd6 36. Kf2 f5 37. h3 Nf6 38. g4 e5 39. Bd5+ Nxd5 40. Qd2
Nf6 41. Qxd6 Ne4+ 42. Kf3 Nxd6 43. fxe5 Nxc4 44. gxf5 Nxe5+ 45. Kf4 c4 46. e4
Kg7 47. h4 Kf6 48. fxg6 Kxg6 49. Kxe5 c3 50. h5+ Kxh5 51. Kf6 c2 52. e5 c1=Q
53. e6 Qf4+ 54. Kg7 Qg5+ 55. Kf7 Qf5+ 56. Ke7 Kg6 0-1

[Event "DRUGA LIGA SRBIJE-GRUPA VOJVODINA 2016"]
[Site "Kac"]
[Date "2016.11.20"]
[Round "9.6"]
[White "Mijatovic, Dejan"]
[Black "Krejic, Igor"]
[Result "1-0"]
[WhiteElo "2248"]
[BlackElo "2235"]
[PlyCount "87"]
[EventDate "2016.11.15"]

1. d4 Nf6 2. Nf3 d6 3. Bf4 Nbd7 4. e3 g6 5. Bc4 Nb6 6. Bb3 Bg7 7. h3 O-O 8.
Nbd2 a5 9. a4 Bd7 10. c3 Rc8 11. O-O c5 12. Re1 c4 13. Bc2 Nfd5 14. Bh2 Bh6 15.
e4 Nf4 16. Bxf4 Bxf4 17. g3 Bh6 18. Kg2 Qc7 19. Nh4 e5 20. Nf1 Rce8 21. Ne3 Qc8
22. Ng4 Bg7 23. f4 exf4 24. gxf4 h5 25. Nf2 Qd8 26. Kg3 g5 27. Nf3 gxf4+ 28.
Kh2 f5 29. Rg1 fxe4 30. Nxe4 Bf5 31. Nfg5 f3 32. d5 Qe7 33. Qxf3 Bg6 34. Qg2
Nxd5 35. Ne6 Qxe6 36. Qxg6 Qe5+ 37. Kh1 Nf4 38. Nf6+ Qxf6 39. Qh7+ Kf7 40. Raf1
Re7 41. Rxf4 Qxf4 42. Rxg7+ Ke6 43. Rxe7+ Kd5 44. Be4+ 1-0

[Event "DRUGA LIGA SRBIJE-GRUPA VOJVODINA 2016"]
[Site "Kac"]
[Date "2016.11.20"]
[Round "9.6"]
[White "Djacanin, Goran"]
[Black "Kovacevic, Dragan"]
[Result "1-0"]
[WhiteElo "2168"]
[BlackElo "2235"]
[PlyCount "63"]
[EventDate "2016.11.15"]

1. e4 d6 2. Nc3 c6 3. g3 e5 4. Bg2 Nf6 5. Nge2 Be7 6. O-O b5 7. a3 a6 8. h3
Nbd7 9. f4 Bb7 10. d4 Qc7 11. Be3 O-O 12. g4 Ne8 13. Ng3 exf4 14. Bxf4 g6 15.
Bh6 Ng7 16. Nce2 Rae8 17. c3 Nb6 18. Qc2 a5 19. Rad1 a4 20. Rd3 Nc4 21. Rdf3
Qd8 22. Qc1 c5 23. g5 Bc8 24. Rf6 Be6 25. Qf4 d5 26. Qh4 Ne3 27. R1f4 Bd6 28.
Bxg7 Bxf4 29. Rxf4 f6 30. gxf6 Nxg2 31. Kxg2 Rf7 32. Qxh7+ 1-0

[Event "DRUGA LIGA SRBIJE-GRUPA VOJVODINA 2016"]
[Site "Kac"]
[Date "2016.11.20"]
[Round "9.6"]
[White "Skoko, Milan"]
[Black "Cvetanovic, Damjan"]
[Result "1-0"]
[WhiteElo "2128"]
[BlackElo "2050"]
[PlyCount "137"]
[EventDate "2016.11.15"]

1. e4 e6 2. d4 d5 3. Nd2 Nf6 4. e5 Nfd7 5. Bd3 c5 6. c3 Nc6 7. Ne2 cxd4 8. cxd4
f6 9. exf6 Nxf6 10. Nf3 Bd6 11. O-O Qc7 12. Bg5 O-O 13. Rc1 Bd7 14. Bh4 Nh5 15.
Bg3 Nf4 16. Nxf4 Bxf4 17. Rc2 Qd6 18. a3 g6 19. Rc3 Rf7 20. Bb5 Bxg3 21. hxg3
Nxd4 22. Nxd4 e5 23. Be2 exd4 24. Qxd4 Bc6 25. Bf3 Qf6 26. Rd1 Qxd4 27. Rxd4
Rd8 28. Rcd3 Rf5 29. Rd2 Re5 30. Rd1 Kg7 31. b4 a6 32. Kh2 Kf6 33. g4 Ke6 34.
Kg3 Rf8 35. R1d2 g5 36. a4 Rd8 37. a5 Re1 38. Bd1 h6 39. Bc2 Re5 40. f3 Bb5 41.
Kf2 Re8 42. Bb3 Bc6 43. Bc2 Bb5 44. Bf5+ Kd6 45. Be4 Bc6 46. Bd3 Rf8 47. g3 Bd7
48. Be2 Bc6 49. f4 gxf4 50. gxf4 Re7 51. Bf3 Kc7 52. Kg3 Re3 53. f5 h5 54. Kf4
hxg4 55. Bxg4 Re4+ 56. Rxe4 dxe4 57. Rh2 Kd6 58. Rd2+ Kc7 59. Bh5 Be8 60. Bxe8
Rxe8 61. Re2 Rh8 62. Rxe4 Rh1 63. Ke5 Rd1 64. Kf6 Rb1 65. Kf7 Rg1 66. f6 Rg5
67. Kf8 Kc6 68. f7 Kd5 69. Re1 1-0